000 00896cam a22003017a 4500
003 CHAP
005 20220817044038.0
008 050905d2002 mx r 00110 spa d
010 _a90851
011 _a91823
020 _a9701507576
035 _a102386
040 _cCHAP
082 0 4 _a021.65
_bV39
100 0 0 _aVázquez Rodríguez, Adolfo.
_9120488
245 1 0 _aNavegar en Internet XML
_c/por Adolfo Vázquez Rodríguez
260 _aMéxico, D. F. :
_bAlfaomega,
_c2002.
300 _a192 p.
590 _aBATCH-UPD
_b10
_c20130110
_lUCH01
_h0813
590 _aBATCH-UPD
_b10
_c20130410
_lUCH01
_h0450
590 _aBATCH-UPD
_b10
_c20130914
_lUCH01
_h1652
590 _aCONVERSION
_b10
_c20130109
_lUCH01
_h1350
650 1 4 _aINTERNET.
901 _aBK
905 _aLilia
942 _cLIBRO
949 _a021.65 V39
_bBC
_cLIBRO
_d33724000978219
_eLIBRO
_gI.c/e
_h106658
_i102386
_si
_t$128.00
999 _c90851
_d90851